MARC

LEADER 00000nam0a2200000 4500
001 357505
005 20231102011011.0
035 |a (RuTPU)RU\TPU\retro\14773 
090 |a 357505 
100 |a 20200806d1973 m y0rusy50 ca 
101 0 |a rus 
102 |a RU 
105 |a a a 001zy 
200 1 |a Химия для всех  |e рекомендательный указатель литературы  |f В. В. Антоненко  |g Государственная публичная библиотека им. М. Е. Салтыкова-Щедрина (ГПБ) ; под ред. Б. Я. Розена 
210 |a Москва  |c Книга  |d 1973 
215 |a 47 с.  |c ил. 
320 |a Алф. указ. авт.: с. 43-45 
606 1 |a Библиографические пособия  |x По химии  |2 stltpush  |3 (RuTPU)RU\TPU\subj\28562  |9 52080 
606 1 |a Химия  |2 stltpush  |3 (RuTPU)RU\TPU\subj\17362  |9 43035 
610 1 |a рекомендательная библиография 
610 1 |a библиографические указатели 
610 1 |a химическая литература 
610 1 |a неорганическая химия 
610 1 |a органическая химия 
610 1 |a биологическая химия 
610 1 |a популярные издания 
675 |a 54(01)  |v 4 
686 |a Я19:54  |v LBC/SL-A  |2 rubbk 
700 1 |a Антоненко  |b В. В. 
702 1 |a Розен  |b Б. Я.  |4 340 
712 0 2 |a Государственная публичная библиотека им. М. Е. Салтыкова-Щедрина (ГПБ)  |c (Ленинград)  |c (1925-1992)  |2 stltpush  |3 (RuTPU)RU\TPU\col\132  |9 23214 
801 1 |a RU  |b 63413507  |c 20200806 
801 2 |a RU  |b 63413507  |c 20210326  |g RCR 
942 |c BK